Sociology :the study of human relationships (Record no. 3130)

MARC details
000 -LEADER
fixed length control field 00577nam a22002057a 4500
003 - CONTROL NUMBER IDENTIFIER
control field OSt
005 - DATE AND TIME OF LATEST TRANSACTION
control field 20190902120307.0
008 - FIXED-LENGTH DATA ELEMENTS--GENERAL INFORMATION
fixed length control field 160301b xxu||||| |||| 00| 0 eng d
020 ## - INTERNATIONAL STANDARD BOOK NUMBER
International Standard Book Number 0153711205
040 ## - CATALOGING SOURCE
Transcribing agency 040a
082 ## - DEWEY DECIMAL CLASSIFICATION NUMBER
Classification number 301
Item number THO 1982
100 ## - MAIN ENTRY--PERSONAL NAME
Personal name Thomas, W. LaVerne; Anderson, Robert J.
9 (RLIN) 6959
245 ## - TITLE STATEMENT
Title Sociology :the study of human relationships
250 ## - EDITION STATEMENT
Edition statement 3rd.ed
260 ## - PUBLICATION, DISTRIBUTION, ETC. (IMPRINT)
Place of publication, distribution, etc. Orlando
Name of publisher, distributor, etc. Harcourt brace jovanovich publishers
Date of publication, distribution, etc. 1982
300 ## - PHYSICAL DESCRIPTION
Extent iii, 446p;
Other physical details Col.ill :
Dimensions 16 cm
504 ## - BIBLIOGRAPHY, ETC. NOTE
Bibliography, etc Includes index
650 ## - SUBJECT ADDED ENTRY--TOPICAL TERM
Topical term or geographic name as entry element Sociology
9 (RLIN) 2259
942 ## - ADDED ENTRY ELEMENTS (KOHA)
Source of classification or shelving scheme Dewey Decimal Classification
Koha item type Short Loan
Holdings
Withdrawn status Lost status Source of classification or shelving scheme Damaged status Not for loan Home library Current library Date acquired Source of acquisition Inventory number Total Checkouts Full call number Barcode Date last seen Koha item type Date last checked out
    Dewey Decimal Classification     MUST Main Library MUST Main Library 01/03/2016 Purchase 99/13127   301 THO 1982 2016-0293 01/03/2016 Short Loan  
    Dewey Decimal Classification     MUST Main Library MUST Main Library 02/09/2019 Purchase 97/11359 1 301 THO 1982 2019-0350 16/09/2019 Open Shelf 02/09/2019